| 000 | 00620nam a2200169 i 4500 | ||
|---|---|---|---|
| 001 | 51160 | ||
| 003 | ES-MaACL | ||
| 005 | 20230906162318.0 | ||
| 007 | t| | ||
| 008 | 030811s1963 sp ||||1| spa d | ||
| 100 | 1 |
_aCuervo Rodríguez, Raúl. _942028 |
|
| 245 | 1 | 0 |
_aAudiencia y valoración de medios _b: investigación de la penetración publicitaria por Taymer / _c[directores: Raúl Cuervo Rodríguez, Mario Martínez Tercero]. |
| 260 |
_aMadrid : _bB. S. de Publicaciones, _c1963. |
||
| 300 |
_a296 p. : _b15 gráf. ; _c30 cm. |
||
| 700 | 1 |
_aMartínez Tercero, Mario. _978442 |
|
| 852 |
_aES-MaACL _jC-24274 _bR.53235 |
||
| 999 |
_c51160 _d51160 |
||